Public Administration & Public Affairs (Record no. 301)

MARC details
000 -LEADER
fixed length control field 00430nam a22001697a 4500
005 - DATE AND TIME OF LATEST TRANSACTION
control field 20180425111745.0
008 - FIXED-LENGTH DATA ELEMENTS--GENERAL INFORMATION
fixed length control field 160429b xxu||||| |||| 00| 0 eng d
020 ## - INTERNATIONAL STANDARD BOOK NUMBER
ISBN 81-203-2255-x
041 ## - LANGUAGE CODE
Language code of text/sound track or separate title eng
082 ## - DEWEY DECIMAL CLASSIFICATION NUMBER
Item number 00923
Classification number 351
100 ## - MAIN ENTRY--AUTHOR NAME
Personal name Henrry Nicholas
245 ## - TITLE STATEMENT
Title Public Administration & Public Affairs
260 ## - PUBLICATION, DISTRIBUTION, ETC. (IMPRINT)
Place of publication New Delhi
Name of publisher Prenticohall of India
Year of publication 2001
300 ## - PHYSICAL DESCRIPTION
Number of Pages 453
650 ## - SUBJECT ADDED ENTRY--TOPICAL TERM
Topical Term Management
942 ## - ADDED ENTRY ELEMENTS (KOHA)
Koha item type Books
Holdings
Lost status Damaged status Collection code Home library Current library Shelving location Date acquired Cost, normal purchase price Full call number Accession Number Koha item type
    LAW JRU Library JRU Library SHELF-29-F 29/04/2016 250.00 351 00923 Books